Statistics for Pokémon Moves- Poison Type

Click here to take the quiz!

General Stats

  • This quiz has been taken 53 times
  • The average score is 21 of 35

Answer Stats

HintAnswer% Correct
IToxic
94%
IAcid
89%
IAcid Armor
89%
IVPoison Jab
89%
IPoison Sting
89%
ISludge
89%
IISludge Bomb
89%
VSludge Wave
89%
IVGunk Shot
83%
IIIPoison Fang
83%
IPoison Powder
83%
IVToxic Spikes
83%
VVenoshock
83%
VIBelch
72%
VIIIMax Ooze
72%
IIIPoison Tail
72%
VAcid Spray
67%
IPoison Gas
67%
VIVenom Drench
61%
VIIBaneful Bunker
56%
ISmog
56%
VIIAcid Downpour
50%
IVCross Poison
50%
IVGastro Acid
50%
VCoil
39%
VIIToxic Thread
39%
VIIIG-Max Malodor
33%
VClear Smog
28%
VIIIDire Claw
28%
VIIIShell Side Arm
28%
VIIICorrosive Gas
22%
VIIPurify
22%
VIIIBarb Barrage
17%
IXMortal Spin
17%
IXNoxious Torque
11%

Score Distribution

Percentile by Number Answered

Percent of People with Each Score

Your Score History

You have not taken this quiz